आरोग्याची सुखद पायवाट. (Record no. 1340979)

MARC details
000 -LEADER
fixed length control field 00662nam a2200181Ia 4500
008 - FIXED-LENGTH DATA ELEMENTS--GENERAL INFORMATION
fixed length control field 151202s9999||||xx |||||||||||||| ||und||
082 ## - DEWEY DECIMAL CLASSIFICATION NUMBER
Item number PNVM-74318
100 ## - MAIN ENTRY--PERSONAL NAME
Personal name सरदेसाई ह.वि.
245 ## - TITLE STATEMENT
Title आरोग्याची सुखद पायवाट.
260 ## - PUBLICATION, DISTRIBUTION, ETC. (IMPRINT)
Name of publisher, distributor, etc "उत्कर्ष प्रकाशन,पुणे 04."
260 ## - PUBLICATION, DISTRIBUTION, ETC. (IMPRINT)
Date of publication, distribution, etc 74318
300 ## - PHYSICAL DESCRIPTION
Extent 176
600 ## - SUBJECT ADDED ENTRY--PERSONAL NAME
Personal name सरदेसाई ह.वि.
630 ## - SUBJECT ADDED ENTRY--UNIFORM TITLE
Uniform title आरोग्याची सुखद पायवाट.
700 ## - ADDED ENTRY--PERSONAL NAME
Personal name सरदेसाई ह.वि.
730 ## - ADDED ENTRY--UNIFORM TITLE
Uniform title आरोग्याची सुखद पायवाट.
942 ## - ADDED ENTRY ELEMENTS (KOHA)
Koha item type Book
Holdings
Withdrawn status Lost status Damaged status Not for loan Home library Current library Date acquired Cost, normal purchase price Total Checkouts Full call number Barcode Date last seen Cost, replacement price Price effective from Koha item type
        Pune Nagar Vachan Mandir, Pune Pune Nagar Vachan Mandir, Pune 06/21/2015 0.00   PNVM-74318 PNVM-74318 12/02/2015 0.00 12/02/2015 Book